Computer applications in second language acquisition (0 521 62646 3)

Sparad:
Bibliografiska uppgifter
Huvudupphovsman: CAROL A CHAPELLE
Materialtyp: Bok
Språk:Undetermined
Publicerad: Cambridge 2001
Taggar: Lägg till en tagg
Inga taggar, Lägg till första taggen!
Thư viện lưu trữ: Trung tâm Học liệu Trường Đại học Cần Thơ
LEADER 00426nam a2200145Ia 4500
001 CTU_49312
008 210402s9999 xx 000 0 und d
082 |a 401.93 
082 |b C462 
100 |a CAROL A CHAPELLE 
245 0 |a Computer applications in second language acquisition (0 521 62646 3) 
245 0 |c CAROL A CHAPELLE 
260 |b Cambridge 
260 |c 2001 
980 |a Trung tâm Học liệu Trường Đại học Cần Thơ